Responses for Show #2324 - Thursday, October 13, 1994

Contestants

[<< previous game]

Mark Maginity, an actuary from Philadelphia, Pennsylvania

Sally Adams, a project coordinator from Washington, D.C.

Bill Schilling, a financial aid director from Drexel Hill, Pennsylvania (whose 2-day cash winnings total $16,602)

[next game >>]

Jeopardy! Round responses

1895
SONG LYRICS
BRIDGES
MATH
LIQUEURS
4-LETTER WORDS
    $100 1
Stephen Crane

Mark
    $100 17
(Sally: What is "King Of The Road"?)

"Second Hand Rose"

BillSally
    $100 22
the Golden Gate Bridge

Sally
    $100 3
24

Bill
    $100 15
cherry

Sally
    $100 10
a seal

Bill
    $200 2
China

Mark
    $200 27
(Alex: Pat Boone song, [*].)

"Love Letters In The Sand"

Triple Stumper
    $200 23
London Bridge

Sally
    $200 6
a decagon

Mark
    $200 18
(Sally: What is England?)

Canada

BillSally
    $200 11
dice

Bill
    $300 4
the Monroe Doctrine

Bill
    $300 28
(Sally: "Please Stay, A Little Bit Longer".)

"Let It Be Me"

Sally
Triple Stumper
    $300 24
the George Washington Bridge

Bill
    $300 7
(Sally: What is 15?)

5ยบ

SallyMark
    $300 19
coffee

Sally
    $300 12
a fief

Mark
    $400 5
helium

Mark
    $400 29
"Smoke Gets In Your Eyes"

Mark
    $400 25
Saudi Arabia

Sally
    $400 8
a secant

Mark
    $400 20
licorice

Sally
    $400 13
a plum

Bill
    $500 16
Antarctica

Sally
    $500 30
"I'm Getting Sentimental Over You"

Triple Stumper
    $600 26
the Bridge of Sighs

Sally
    $500 9
a prime number

Mark
    $500 21
scotch

Bill
    $500 14
skid

Bill

Scores at the first commercial break (after clue 15):

Bill Sally Mark
$1,600 -$200 $2,400

Scores at the end of the Jeopardy! Round:

Bill Sally Mark
$2,700 $1,700 $2,800

Double Jeopardy! Round responses

FIRST LADIES
CANADA
QUOTATIONS
BLACK AMERICA
RELIGION
OPERA SETTINGS
    $200 1
Rosalynn Carter

Mark
    $200 26
French

Triple Stumper
    $200 21
(Bill: What is nothing?)

work

Bill
Triple Stumper
    $200 16
Alex Haley

Mark
    $200 6
cardinals

Sally
    $200 11
Paris

Mark
    $400 2
(Sally: Who is John Adams?)
(Alex: No.)
(Sally: Ab--)
...
(Alex: Sally spoke too quickly there.)

Abigail Adams

SallyMark
    $400 27
(Alex: Less than a minute.)

Vancouver

Sally
    $400 22
crocodiles

Mark
    $400 17
Jersey Joe Walcott

Bill
    $400 7
mosques

Mark
    $400 12
the Black Forest

Mark
    $600 3
Hillary Clinton

Sally
    $600 28
Saskatchewan

Bill
    $600 23
a weed

Mark
    $600 18
the Virgin Islands

Bill
    $600 8
Protestantism

Bill
    $600 13
Billy Budd

Mark
    $800 4
Jackie Kennedy Onassis

Bill
    $800 29
Prince Edward Island

Mark
    $800 24
Ben Franklin

Triple Stumper
    $800 19
Little

Sally
    $800 9
(Sally: What is Shinto?)

Lamaism

Sally
Triple Stumper
    $800 14
Lohengrin

Bill
    $1000 5
(Sally: Who is Eleanor Roosevelt?)

Edith (the wife of Teddy) Roosevelt

Sally
Triple Stumper
    $1,700 30
Alberta

Mark
    $1000 25
(Sally: What is love?)
(Bill: What is success?)

revenge

BillSally
Triple Stumper
    $1,000 20
Maya Angelou

Sally
    $1000 10
the Vedas

Mark
    $1000 15
(Sally: What is Granada?)

Seville

SallyMark

Scores at the end of the Double Jeopardy! Round:

Bill Sally Mark
$5,300 $500 $10,700
(lock game)

[wagering suggestions for these scores]

Final Jeopardy! Round responses

LITERARY AWARDS
SallyWho are James Joyce Eugene O'Neill?
$499
BillWho were Joyce & Yeats
$4,299
MarkWho are Shaw & Joyce
$99
(2 of) (William Butler) Yeats, (George Bernard) Shaw or (Samuel) Beckett

Final scores:

Bill Sally Mark
$1,001 $1 $10,601
2nd place: trip on TWA to Orlando & stay at Marriott Orlando World Center + Jeopardy! home game 3rd place: Castaldo crystal collection + Jeopardy! home game New champion: $10,601

Game dynamics:

Coryat scores:

Bill Sally Mark
$5,300 $400 $10,000
16 R,
2 W
13 R
(including 2 DDs),
9 W
22 R
(including 1 DD),
0 W

Combined Coryat: $15,700

[game clues] [game scores] [suggest correction]

Game tape date: 1994-08-23
The J! Archive is created by fans, for fans. Scraping, republication, monetization, and malicious use prohibited; this site may use cookies and collect identifying information. See terms. The Jeopardy! game show and all elements thereof, including but not limited to copyright and trademark thereto, are the property of Jeopardy Productions, Inc. and are protected under law. This website is not affiliated with, sponsored by, or operated by Jeopardy Productions, Inc. Join the discussion at JBoard.tv.